| 000 | 00857cam a2200241 4500 | ||
|---|---|---|---|
| 008 | 040721n2002 000 0 eng u | ||
| 020 | _a0340850523 | ||
| 035 | _a(Sirsi) u126854 | ||
| 041 | _aeng | ||
| 050 |
_a658 _c18 |
||
| 100 | _aCardell, Stephen | ||
| 245 |
_aStrategic collaboration _bcreating the extended organization |
||
| 260 |
_aLondon _bHodder and Stoughton _c2002 |
||
| 300 |
_avii, 168p. _c25cm |
||
| 350 | _a11.89 | ||
| 490 | _aManagement Consultancies Associations Series | ||
| 520 | _aIncreasingly total supply chain costs will be incurred from outside the business organisation. Aims to help senior managers and consultants identify, build and develop value-creating partnership relationships. | ||
| 650 | _aCOLLABORATION | ||
| 650 | _aSUPPLY CHAIN MANAGEMENT | ||
| 650 | _aE-COMMERCE | ||
| 690 | _aMANAGEMENT | ||
| 942 | _n0 | ||
| 999 |
_c103657 _d103657 |
||